Java Look and Feel Design Guidelines: Advanced Topics(E-BOOK) (Record no. 191919)

000 -LEADER
fixed length control field 00724 a2200217 4500
003 - CONTROL NUMBER IDENTIFIER
control field Nust
005 - DATE AND TIME OF LATEST TRANSACTION
control field 20170207154026.0
010 ## - LIBRARY OF CONGRESS CONTROL NUMBER
LC control number 2001056053
020 ## - INTERNATIONAL STANDARD BOOK NUMBER
International Standard Book Number 0201775824 (alk. paper)
040 ## - CATALOGING SOURCE
Transcribing agency Nust
082 00 - DEWEY DECIMAL CLASSIFICATION NUMBER
Classification number 005.133
245 00 - TITLE STATEMENT
Title Java Look and Feel Design Guidelines: Advanced Topics(E-BOOK)
Remainder of title advanced topics /
Statement of responsibility, etc. Sun Microsystems, Inc.
260 ## - PUBLICATION, DISTRIBUTION, ETC.
Place of publication, distribution, etc. Boston :
Name of publisher, distributor, etc. Addison-Wesley,
Date of publication, distribution, etc. c2001.
300 ## - PHYSICAL DESCRIPTION
Extent xiv, 185 p. :
Other physical details ill. (some col.) ;
Dimensions 24 cm.
440 #0 - SERIES STATEMENT/ADDED ENTRY--TITLE
Title Java series
500 ## - GENERAL NOTE
General note Includes index.
505 ## - FORMATTED CONTENTS NOTE
Formatted contents note Part I: General Topics Part II: Special Topics
650 #0 - SUBJECT ADDED ENTRY--TOPICAL TERM
Topical term or geographic name entry element Java (Computer program language)
651 ## - SUBJECT ADDED ENTRY--GEOGRAPHIC NAME
Geographic name Java Look and Feel Design Guidelines: Advanced Topics(E-BOOK)
710 2# - ADDED ENTRY--CORPORATE NAME
Corporate name or jurisdiction name as entry element Sun Microsystems.
942 ## - ADDED ENTRY ELEMENTS (KOHA)
Source of classification or shelving scheme
Koha item type Book
Holdings
Withdrawn status Lost status Source of classification or shelving scheme Damaged status Not for loan Collection code Permanent Location Current Location Date acquired Total Checkouts Full call number Barcode Date last seen Price effective from Koha item type
            Military College of Signals (MCS) Military College of Signals (MCS) 12/12/2016   005.133 DOT MCSEB-202 12/08/2016 12/12/2016 Book
© 2023 Central Library, National University of Sciences and Technology. All Rights Reserved.